000 00910nam a22002417a 4500
008 081217t xxu||||| |||| 00| 0 eng d
010 _aENG-92218
020 _c65.00
_a8177356666
020 _c65.00
_a9788177356663
035 _aEN-75751
037 _bDBAD / PUB
040 _adpl
_bEnglish
082 _a954.31
100 _aSubramani, R.
245 _aHistory of Magral /
_cby R. Subramani
260 _aChennai
_bPavai Publications
_c2008
270 _a142, Jani Jan Khan Road, Royapettah,
_bChennai
_e600014
300 _a130p:
_c21cm (pbk)
_bb&w photos
500 _aIncludes glossary, bibliographical references and index
651 _aMagral (Tamil Nadu)
_zIndia
942 _2ddc
_cEN
_mSUB
_h954.31
999 _c19971
_d19971